<?xml version="1.0" encoding="UTF-8"?><?xml-stylesheet type="text/xsl" href="static/style.xsl"?><OAI-PMH xmlns="http://www.openarchives.org/OAI/2.0/" xmlns:xsi="http://www.w3.org/2001/XMLSchema-instance" xsi:schemaLocation="http://www.openarchives.org/OAI/2.0/ http://www.openarchives.org/OAI/2.0/OAI-PMH.xsd"><responseDate>2026-04-17T06:47:02Z</responseDate><request verb="GetRecord" identifier="oai:www.recercat.cat:2072/390723" metadataPrefix="marc">https://recercat.cat/oai/request</request><GetRecord><record><header><identifier>oai:recercat.cat:2072/390723</identifier><datestamp>2024-10-29T18:44:01Z</datestamp><setSpec>com_2072_98</setSpec><setSpec>col_2072_378192</setSpec></header><metadata><record xmlns="http://www.loc.gov/MARC21/slim" xmlns:dcterms="http://purl.org/dc/terms/" xmlns:xsi="http://www.w3.org/2001/XMLSchema-instance" xmlns:doc="http://www.lyncode.com/xoai" xsi:schemaLocation="http://www.loc.gov/MARC21/slim http://www.loc.gov/standards/marcxml/schema/MARC21slim.xsd">
   <leader>00925njm 22002777a 4500</leader>
   <datafield ind2=" " ind1=" " tag="042">
      <subfield code="a">dc</subfield>
   </datafield>
   <datafield ind2=" " ind1=" " tag="720">
      <subfield code="a">Gil Tejeda, Jorge</subfield>
      <subfield code="e">author</subfield>
   </datafield>
   <datafield ind2=" " ind1=" " tag="720">
      <subfield code="a">Bedolla Pereda, Deyanira</subfield>
      <subfield code="e">author</subfield>
   </datafield>
   <datafield ind2=" " ind1=" " tag="720">
      <subfield code="a">Ruiz León, Alejandro Arnulfo</subfield>
      <subfield code="e">author</subfield>
   </datafield>
   <datafield ind2=" " ind1=" " tag="260">
      <subfield code="c">2009</subfield>
   </datafield>
   <datafield ind2=" " ind1=" " tag="520">
      <subfield code="a">El arte popular en México enfrenta grandes desafíos en relación al comercio desleal internacional. La cultura material como la conocemos y con ella tradiciones culturales, materiales y tradiciones centenarias o milenarias, corren el riesgo de desdibujarse de nuestra vida cotidiana e imaginario colectivo y personal. Algunas instituciones dan los primeros pasos en la construcción de bases de datos que permitan contar con un padrón de artesanos. De manera aislada o en pequeños grupos investigadores interesados en el tema aportan sus conocimientos en busca de diversas soluciones del problema. Creemos que la solución del problema necesariamente pasa por la construcción de una red de académicos, que funcionara como un poderoso instrumento de planeación en el diseño eficaz de un plan nacional de preservación de nuestros valores intangibles, de nuestra muy rica y variada cultura material y de nuestros artesanos y sus conocimientos.</subfield>
   </datafield>
   <datafield ind2=" " ind1=" " tag="520">
      <subfield code="a">Popular art in Mexico faces great challenges with disloyal international trade. Mexico's material culture as we know it and our cultural, material traditions and centennial traditions, are in risk of being faded away of our daily life and social imaginary. Some institutions give the first steps in building databases that allow relying on a craftsmen's poll. A small research group is planning to come across diverse solutions to the problem. We believe that the problem solution necessarily go through the building of a scientist social network, that can act as a powerful prospective instrument for a national design plan oriented to preserve our intangible values, of our very rich varied material culture, as well as our craftsman and their knowledge.</subfield>
   </datafield>
   <datafield tag="653" ind2=" " ind1=" ">
      <subfield code="a">Artesans</subfield>
   </datafield>
   <datafield tag="653" ind2=" " ind1=" ">
      <subfield code="a">Art Popular</subfield>
   </datafield>
   <datafield tag="653" ind2=" " ind1=" ">
      <subfield code="a">Xarxes socials</subfield>
   </datafield>
   <datafield tag="653" ind2=" " ind1=" ">
      <subfield code="a">Innovació</subfield>
   </datafield>
   <datafield tag="653" ind2=" " ind1=" ">
      <subfield code="a">Artesanos</subfield>
   </datafield>
   <datafield tag="653" ind2=" " ind1=" ">
      <subfield code="a">Arte Popular</subfield>
   </datafield>
   <datafield tag="653" ind2=" " ind1=" ">
      <subfield code="a">Redes sociales</subfield>
   </datafield>
   <datafield tag="653" ind2=" " ind1=" ">
      <subfield code="a">Innovación</subfield>
   </datafield>
   <datafield tag="653" ind2=" " ind1=" ">
      <subfield code="a">Artisans</subfield>
   </datafield>
   <datafield tag="653" ind2=" " ind1=" ">
      <subfield code="a">Popular Arts</subfield>
   </datafield>
   <datafield tag="653" ind2=" " ind1=" ">
      <subfield code="a">Social Networks</subfield>
   </datafield>
   <datafield tag="653" ind2=" " ind1=" ">
      <subfield code="a">Innovation</subfield>
   </datafield>
   <datafield ind2="0" ind1="0" tag="245">
      <subfield code="a">Redes dinámicas Neo-artesanales. Aplicaciones de la teoría de redes sociales para el estudio del arte popular en México</subfield>
   </datafield>
</record></metadata></record></GetRecord></OAI-PMH>